The humanistic tradition / (Record no. 12413)

000 -LEADER
fixed length control field 00832cam a2200301Ia 4500
020 ## - INTERNATIONAL STANDARD BOOK NUMBER
ISBN 0697340686 (v. 1)
020 ## - INTERNATIONAL STANDARD BOOK NUMBER
ISBN 9780697340689 (v. 1)
020 ## - INTERNATIONAL STANDARD BOOK NUMBER
ISBN 0697340694 (v. 2)
020 ## - INTERNATIONAL STANDARD BOOK NUMBER
ISBN 9780697340696 (v. 2)
020 ## - INTERNATIONAL STANDARD BOOK NUMBER
ISBN 0697340708 (v. 3)
020 ## - INTERNATIONAL STANDARD BOOK NUMBER
ISBN 9780697340702 (v. 3)
020 ## - INTERNATIONAL STANDARD BOOK NUMBER
ISBN 0697340716 (v. 4)
020 ## - INTERNATIONAL STANDARD BOOK NUMBER
ISBN 9780697340719 (v. 4)
020 ## - INTERNATIONAL STANDARD BOOK NUMBER
ISBN 0697340724 (v. 5)
020 ## - INTERNATIONAL STANDARD BOOK NUMBER
ISBN 9780697340726 (v. 5)
020 ## - INTERNATIONAL STANDARD BOOK NUMBER
ISBN 0697340732 (v. 6)
020 ## - INTERNATIONAL STANDARD BOOK NUMBER
ISBN 9780697340733 (v. 6)
040 ## - CATALOGING SOURCE
Transcribing agency GC0
082 ## - DEWEY DECIMAL CLASSIFICATION NUMBER
Classification number 909 MCG 1995 A100 Or.
100 1# - MAIN ENTRY--AUTHOR NAME
Personal name Fiero, Gloria K.
245 14 - TITLE STATEMENT
Title The humanistic tradition /
250 ## - EDITION STATEMENT
Edition statement 3rd ed.
260 ## - PUBLICATION, DISTRIBUTION, ETC. (IMPRINT)
Place of publication New York :
Name of publisher McGraw-Hill,
Year of publication 1998, c1995.
300 ## - PHYSICAL DESCRIPTION
Number of Pages 6 v. :
Other physical details col. ill., col. maps ;
Dimensions 28 cm.
650 #0 - SUBJECT ADDED ENTRY--TOPICAL TERM
Topical Term Civilization, Western
650 #0 - SUBJECT ADDED ENTRY--TOPICAL TERM
Topical Term Humanism.
942 ## - ADDED ENTRY ELEMENTS (KOHA)
Koha item type សៀវភៅភាសាអង់គ្លេស
952 ## - LOCATION AND ITEM INFORMATION (KOHA)
Withdrawn status [LOCAL, KOHA] 0
Holdings
Permanent Location Date acquired Koha item type Lost status Shelving location Barcode Current Location Full call number
Library Block A2017-08-14សៀវភៅភាសាអង់គ្លេស A100A15859Library Block A909 MCG 1995 A100 Or.
មជ្ឈមណ្ឌលឯការនៃសាកលវិទ្យាល័យភូមិន្ទកសិកម្មចំការដូង

Powered by Koha